书目信息 |
| 题名: |
学术英语演讲
|
|
| 作者: | 波顿, 编著 | |
| 分册: | ||
| 出版信息: | 上海 上海外语教育出版社 2022.08 |
|
| 页数: | 191页 | |
| 开本: | 25cm | |
| 丛书名: | 专门用途英语课程系列 | |
| 单 册: | ||
| 中图分类: | H311.9 | |
| 科图分类: | ||
| 主题词: | 英语--ying yu--演讲--教材 | |
| 电子资源: | ||
| ISBN: | 978-7-5446-3911-8 | |
| 000 | 01152nam0 2200301 450 | |
| 001 | 012001002344 | |
| 005 | 20141203140051.0 | |
| 010 | @a978-7-5446-3911-8@dCNY30.00 | |
| 099 | @aCAL 012015095572 | |
| 100 | @a20220905d2015 em y0chiy50 ea | |
| 101 | 0 | @aeng@gchi |
| 102 | @aCN@b310000 | |
| 105 | @ay z 000yy | |
| 106 | @ar | |
| 200 | 1 | @a学术英语演讲@Axue shu ying yu yan jiang@d= Presenting@edeliver presentations with confidence@fGraham Burton[编著]@zeng |
| 210 | @a上海@c上海外语教育出版社@d2022.08 | |
| 215 | @a191页@d25cm | |
| 225 | 2 | @a专门用途英语课程系列@Azhuan men yong tu ying yu ke cheng xi lie |
| 305 | @a由哈泊·柯林斯出版社授权出版 | |
| 306 | @a本书限中国大陆发行 | |
| 330 | @a本书旨在提高大学生的学术英语演讲能力,提供的技巧涵盖正式演讲中的遣词用语、语音语调、眼神手势,以及如何利用各种视觉辅助设备等方方面面。 | |
| 410 | 0 | @12001@a专门用途英语课程系列 |
| 510 | 1 | @aPresenting@edeliver presentations with confidence@zeng |
| 606 | 0 | @a英语@Aying yu@x演讲@j教材 |
| 690 | @aH311.9@v5 | |
| 701 | 0 | @a波顿,@Abo dun@bG.@g(Burton, Graham)@4编著 |
| 801 | 0 | @aCN@bAHXH@c20221111 |
| 905 | @b1372713-5@dH311.9@e113@f3 | |
| 学术英语演讲= Presenting:deliver presentations with confidence/Graham Burton[编著].-上海:上海外语教育出版社,2022.08 |
| 191页;25cm.-(专门用途英语课程系列) |
| ISBN 978-7-5446-3911-8:CNY30.00 |
| 本书旨在提高大学生的学术英语演讲能力,提供的技巧涵盖正式演讲中的遣词用语、语音语调、眼神手势,以及如何利用各种视觉辅助设备等方方面面。 |
| ● |
| 相关链接 |
|
|
|
|
正题名:学术英语演讲
索取号:H311.9/113
 
预约/预借
| 序号 | 登录号 | 条形码 | 馆藏地/架位号 | 状态 | 备注 |
| 1 | 1372713 | 213727136 | 第二样本阅览室/ [索取号:H311.9/113] | 在馆 | |
| 2 | 1372714 | 213727145 | 第四借阅区/ [索取号:H311.9/113] | 在馆 | |
| 3 | 1372715 | 213727154 | 第四借阅区/ [索取号:H311.9/113] | 在馆 |